| 000 | 00707nam a22001937a 4500 | ||
|---|---|---|---|
| 005 | 20100823141657.0 | ||
| 010 | _aENG-101270 | ||
| 020 |
_a9788178235424 _c110.00 |
||
| 035 | _aEN-84803 | ||
| 037 | _bDBAD/PUB | ||
| 082 | _a230.64 | ||
| 100 |
_aReddy, G. Venkataramana _916906 |
||
| 245 |
_aAlayam the Hindu temple : _cby G. Venkataramana Reddy _ban epitome of Hindu culture / |
||
| 260 |
_aChennai _bSri Ramakrishna Math _c2010 |
||
| 270 |
_aMylapore _bChennai _e600004 |
||
| 300 |
_a128p.: _c28cm (pbk) _bill. |
||
| 942 |
_2ddc _cEN _h230.64 _mRED |
||
| 999 |
_c42962 _d42962 |
||